Sijoita Aasian pääkaupungit kartalle - Statistics

Yleistilastot
  • Tätä visaa on pelattu 668 kertaa
  • Keskiarvotulos 15 / 48
Vastaukset kartalla
Vastauksille on annettu kartalla punavihreä väri sen mukaan, kuinka moni on saanut sen oikein.
 
Vastaustilastot
Vastaus % Oikein
Tokio
47%
Jerusalem
46%
Ankara
44%
Soul
44%
Taipei
44%
Doha
43%
Nikosia
42%
Abu Dhabi
41%
Kathmandu
41%
Kuwait
41%
Pjongjang
41%
Bagdad
37%
Beirut
37%
Malé
37%
Bangkok
36%
Damaskos
35%
Kuala Lumpur
35%
Phnom Penh
35%
Singapore
35%
Dhaka
34%
Tbilisi
34%
Manila
32%
Amman
31%
Baku
31%
Riad
30%
Kabul
29%
Thimphu
29%
Jerevan
28%
Ulaanbaatar
28%
Vientiane
28%
Jakarta
27%
Kotte
27%
Sanaa
27%
Hanoi
26%
Manama
25%
Masqat
25%
Naypyidaw
25%
New Delhi
25%
Teheran
25%
Biškek
24%
Islamabad
24%
Dili
23%
Bandar Seri Begawan
23%
Peking
22%
Dušanbe
20%
Taškent
18%
Ašgabat
17%
Astana
14%
Ehtoja vastaavia visoja ei löytynyt
Tulosjakauma
Jokaisen tuloksen saaneiden osuus
Persentiili vastausten määrän mukaan
Tuloshistoriasi
Et ole pelannut tätä visaa